000 02260 a2200265 4500
001 23559
005 20260407155522.0
008 260407a2001 arg spa d
003 AR-UNSa-BCEJYS
040 _aAR-UNSa-BCEJYS
_bspa
_cAR-UNSa-BCEJYS
080 _a342
_xDerecho constitucional (Derecho Público)
245 1 0 _aCurso de derecho constitucional
020 _a950-20-0832-4
264 1 _aBuenos Aires :
_bAbeledo Perrot
_c2001
300 _a5 v.
_c23 cm.
505 _aVol. I: Historia y teoría de la constitución: 1. Derecho constitucional, constitución e instituciones políticas - 2. Fuentes, jerarquía de normas - 3. El control de la supremacia de la Constitución - 4. Sintesís cronologíca de nuestras instituciones -- Vol II: Territorio - Población - El poder: organización: 5. El territorio y la población argentinos - 6. El ordenamiento constitucional del poder. Las decisiones fundamentales - 7. La legitimidad del poder - 8. Los instrumentos de participación - 9. La protección del orden institucional y del sistema democratico -- Vol. III: La distribución del poder: 10. La distribución territorial: el regimen federal - 11. Dinámica del regimen federal - 12. Distribución funcional del poder -- Vol. IV: El gobierno federal: 13. Los organos legislativos: la convención reformadora de la constitución y el congreso - 14. Funcionamiento del congreso - 15. Atribucciones del congreso - 16. El Poder Ejecutivo - 17. Atribuciones del presidente - 18. La Justicia Nacional - Vol. V: La Constituciòn como garantía. Los derechos y deberes del hombre: 19. Las declaraciones de derechos - 20. Alcances, reglamentación y suspensión de los derechos y garantías - 21. Los derechos civiles - 22. Las libertades económicas - 23. Los derechos sociales - 24. Las garantías constitucionales y el debido proceso - 25. La protección judicial de los derechos
942 _cBK
590 _aniveau_biblio:m niveau_hierar:0
100 1 _aBidegain, Carlos María
700 1 _aGallo, Orlando
700 1 _aPalazzo, Eugenio Luis
700 1 _aPunte, Roberto
700 1 _aSchinelli, Guillermo
856 4 1 _uhttps://biblioeco.unsa.edu.ar/pmb/images/libros/Curso de Derecho Constitucional2-l85859.jpg
_yImagen de portada
_qimage/jpeg
999 _c1110
_d1110